| 000 | 00800nam a2200217Ia 4500 | ||
|---|---|---|---|
| 003 | OSt | ||
| 005 | 20250502145804.0 | ||
| 008 | 191128t1952 ck er 000 f spa d | ||
| 040 |
_aCO-JMCR _cCO-JMCR |
||
| 041 | _aspa | ||
| 082 | _b | ||
| 082 | 0 | 4 |
_aA-N _bSCOi |
| 100 | 1 |
_aScott, Walter, _eautor _98117 |
|
| 245 | 1 | 0 |
_aIvanhoe / _cWalter Scott |
| 260 |
_aBogotá : _bEditora Zig-Zag, _c©1952 |
||
| 300 |
_a115 páginas ; _c19 cm. |
||
| 490 | 0 | _aBiblioteca familiar | |
| 520 | _aIvanhoe narra la enconada lucha de un hombre para restablecer su buen nombre y de paso el de la corona. La acción transcurre en una época convulsa, en tiempos de cruzadas, de encarnizadas luchas entre dos pueblos antaño hermanados, el sajón y el normando. | ||
| 650 | 1 | 4 |
_aNovela infantil _91227 |
| 942 |
_2ddc _cBK |
||
| 999 |
_c3264 _d3264 |
||